Hoofdsteden - Sudden Death - Statistieken

Algemene statistieken
  • Deze quiz is 8.450 keer genomen
  • De gemiddelde score is 12 van 28
Answers on the Grid
Answers color-coded by a green-red scale on the quiz's grid according to % correct below.
Ankara
Athene
Auckland
Bagdad
Bakoe
Bangkok
Belmopan
Bogotá
Dubai
Dublin
Fallujah
Freetown
Hamburg
Havana
Helsinki
Jos
Kaapstad
Lagos
Leeds
Lima
Londen
Manilla
Marrakesh
Medellin
Memphis
Monrovia
Moskou
Mumbai
Nairobi
New York
Omsk
Oslo
Porto
Riyad
Rome
São Paulo
Seoel
Soerabaja
Split
Suva
Sydney
Tbilisi
Tijuana
Tokio
Toronto
Tunis
Turijn
Waikiki
Warschau
Wenen
 
Antwoordstatistieken
Antwoord % Correct
Athene
89%
Ankara
76%
Bangkok
69%
Dublin
68%
Helsinki
59%
Londen
57%
Bagdad
55%
Moskou
48%
Oslo
48%
Bakoe
46%
Bogotá
46%
Lima
45%
Kaapstad
43%
Rome
43%
Havana
41%
Warschau
40%
Wenen
40%
Tokio
39%
Manilla
37%
Seoel
36%
Nairobi
34%
Freetown
33%
Tunis
33%
Tbilisi
31%
Riyad
28%
Belmopan
23%
Monrovia
20%
Suva
15%
Geen overeenkomende quizzen gevonden
Scoreverdeling
Procent van Mensen met Elke Score
Percentiel versus Aantal Correcte Antwoorden
Uw Scoregeschiedenis
U heeft deze quiz nog niet genomen